00988 2200193 4500001002100000005001500021035002000036245007600056100002100132250001700153300002900170260004100199082000800240084001400248020002200262650002400284520047000308990001600778INLIS00000000000016020240510120524 a0010-05240000821 aEnsiklopedi Eksperimen Sains Lengkap :bUdara & Air /cTim Listafariska0 aTim Listafariska acetakan ke-1 a124 hlm :bilus ;c25 cm aJakarta :bListafariska Putra,c2016 a503 a503 TIM e a978-979-129-505-8 4aSains, Ensiklopedia aEnsiklopedi percobaan ini memuat secara lengkap semua percobaan-percobaan Sains tingkat dasar. Diharapkan Ensiklopedi ini menjadi pembimbing utama di laboratorium-laboratorium di sekolah-sekolah tingkat dasar dan menjadi pemicu bagi bangkitnya dunia sains di Indonesia. Ensiklopedi pemula ini diharapkan menjadi buku pemula bagi para saintis dan merangsang semangat belajar bagi anak-anak karena dihiasi dengan ilustrasi yang penuh warna dan memikat buat anak-anak. a00000000554